| 000 | 00572nam a22001815i 4500 | ||
|---|---|---|---|
| 001 | 17987493 | ||
| 005 | 20180417100412.0 | ||
| 008 | 140103s2014 nyu 000 0 eng | ||
| 020 | _a9780500342978 (hardcover) | ||
| 040 | _cPK-LaUMT | ||
| 082 |
_a712 _bGIR-C |
||
| 100 | 1 | _aGirot, Christophe | |
| 245 | 1 | 4 |
_aThe course of landscape architecture : _ba history of our designs on the natural world, from prehistory to the present / _cChristophe Girot |
| 260 |
_aLondon : _bThames & Hudson, _c2016 |
||
| 300 | _a352 p. | ||
| 650 | _aLandscape architecture | ||
| 942 | _cBK | ||
| 999 |
_c104349 _d104349 |
||